| 000 | 00496nam a22001697a 4500 | ||
|---|---|---|---|
| 003 | CEME | ||
| 005 | 20210628202249.0 | ||
| 008 | 210301b xxu||||| |||| 00| 0 eng d | ||
| 040 | _c. | ||
| 082 | _a297.1241 ALL | ||
| 100 |
_aMaulana Muhammad Dawood Raz Maulana Abdul Rashid _959066 |
||
| 245 | _aAllulu marjan, sahiah bukhari wa sahi muslim key mutafiq hadith | ||
| 250 | _a2 VOLS | ||
| 260 |
_aLAHORE _bMAKTAB KARWAN _c1997 |
||
| 650 |
_aISLAM-HADITH-ALLULU MARJAN _959067 |
||
| 942 |
_cBK _2ddc |
||
| 999 |
_c569123 _d569123 |
||